[Event "Mondiale Lampo FIDE 2022"]
[Site "Alma Ata"]
[Date "29.12.2022"]
[Round "1.25"]
[White "Christiansen, Johan-Sebastian"]
[Black "Abdusattorov, Nodirbek"]
[Result "0-1"]
[WhiteTitle ""]
[BlackTitle ""]
[WhiteElo "2578"]
[BlackElo "2713"]
[WhiteFideId "1512668"]
[BlackFideId "14204118"]
[EventDate "29.12.2022"]

1. e4 e5 2. Nf3 Nc6 3. d4 exd4 4. Bc4 d6 5. Nxd4 Be7 6. Nxc6 bxc6 7. e5 d5 8.
Bd3 Bc5 9. O-O Ne7 10. Qh5 Be6 11. Nd2 Ng6 12. Nb3 Bb6 13. a4 a5 14. Kh1 Qh4 15.
Qxh4 Nxh4 16. Be3 Nf5 17. Bc5 h5 18. Rfe1 Rb8 19. Rab1 h4 20. f4 Kd7 21. Kg1
Rhg8 22. Rbd1 g5 23. Bxb6 cxb6 24. Bxf5 Bxf5 25. Nd4 Be4 26. fxg5 c5 27. Nf3
Bxf3 28. gxf3 Rxg5+ 29. Kf2 Ke6 30. f4 Rg4 31. f5+ Kxf5 32. Rxd5 Rf4+ 33. Kg2
Rg8+ 34. Kh1 Rd4 35. Rd6 Rxd6 36. exd6 Rd8 37. Re7 Kf6 38. Re4 Rxd6 39. Rxh4
Rd1+ 40. Kg2 Rd2+ 41. Kf3 Rxc2 42. Rf4+ Ke5 43. Rxf7 Rxh2 44. Re7+ Kd4 45. Re4+ 0-1

[Event "Mondiale Lampo FIDE 2022"]
[Site "Alma Ata"]
[Date "29.12.2022"]
[Round "1.26"]
[White "Van Foreest, Jorden"]
[Black "Fedorov, Alexei"]
[Result "1-0"]
[WhiteTitle ""]
[BlackTitle ""]
[WhiteElo "2690"]
[BlackElo "2475"]
[WhiteFideId "1039784"]
[BlackFideId "13500465"]
[EventDate "29.12.2022"]

1. e4 c5 2. c3 d6 3. d4 Nf6 4. Bd3 Qc7 5. Nf3 g6 6. h3 Bg7 7. O-O O-O 8. Re1
Nfd7 9. Bg5 Nc6 10. Na3 a6 11. Nc2 Re8 12. Qd2 b5 13. Ne3 e6 14. Ng4 h5 15. Nh6+
Kf8 16. Qf4 f6 17. Nh4 Nde5 18. dxe5 Nxe5 19. Qxe5 Ke7 20. Bxf6+ Kd7 21. Qg5 1-0

[Event "Mondiale Lampo FIDE 2022"]
[Site "Alma Ata"]
[Date "29.12.2022"]
[Round "1.27"]
[White "Nogerbek, Kazybek"]
[Black "Kobalia, Mikhail"]
[Result "0-1"]
[WhiteTitle ""]
[BlackTitle ""]
[WhiteElo "2468"]
[BlackElo "2577"]
[WhiteFideId "13710427"]
[BlackFideId "4119150"]
[EventDate "29.12.2022"]

1. Nf3 d5 2. e3 Nf6 3. c4 c6 4. Nc3 e6 5. b3 Bd6 6. Bb2 O-O 7. d4 Nbd7 8. Be2
Re8 9. Qc2 dxc4 10. Bxc4 b5 11. Bd3 Bb7 12. O-O Rc8 13. Rac1 h6 14. Rfd1 Qe7 15.
a4 a6 16. h3 c5 17. Qe2 Bxf3 18. Qxf3 cxd4 19. exd4 Ba3 20. Bxa3 Qxa3 21. axb5
axb5 22. Nxb5 Qxc1 23. Rxc1 Rxc1+ 24. Kh2 Rb8 25. Bc4 Ra1 26. Qc6 Rf8 27. Nd6
Kh8 28. b4 Rc1 29. b5 Rc2 30. b6 Rxf2 31. b7 Rb2 32. Bb5 Nb8 33. Qc7 Kg8 34. Bc4
Nbd7 35. Nc8 h5 36. Nd6 h4 37. Bb5 Nb8 38. Qc3 Rb1 39. Qc2 Ra1 40. Nc8 Nh5 41.
Qe4 Rh1+ 42. Kxh1 Ng3+ 43. Kg1 Nxe4 44. Ne7+ Kh8 45. Be2 Nd6 46. Bf3 Nd7 47. Kf2
Rb8 48. Kg1 Nxb7 49. Nc6 Rf8 50. d5 exd5 51. Bxd5 Nf6 0-1

[Event "Mondiale Lampo FIDE 2022"]
[Site "Alma Ata"]
[Date "29.12.2022"]
[Round "1.28"]
[White "Zhigalko, Sergei"]
[Black "Lazavik, Denis"]
[Result "0-1"]
[WhiteTitle ""]
[BlackTitle ""]
[WhiteElo "2572"]
[BlackElo "2537"]
[WhiteFideId "13502956"]
[BlackFideId "13515110"]
[EventDate "29.12.2022"]

1. e4 e5 2. Nf3 Nc6 3. Bb5 Nf6 4. d3 Bc5 5. Bxc6 dxc6 6. Nbd2 Nd7 7. Nc4 f6 8.
Be3 b6 9. Nh4 g6 10. O-O Qe7 11. Nf3 Bb7 12. a4 a5 13. b3 h5 14. Re1 O-O-O 15.
Qd2 Bxe3 16. Qxe3 c5 17. c3 Ba6 18. d4 Bxc4 19. bxc4 g5 20. Rad1 Rhg8 21. dxe5
fxe5 22. g3 Rdf8 23. Rd3 h4 24. Red1 Nf6 25. Qe2 Qe6 26. Nd2 hxg3 27. fxg3 Rh8
28. Rf1 Ne8 29. Rdf3 Rxf3 30. Nxf3 Rg8 31. Rd1 Nd6 32. Rd5 Nf7 33. Qe3 c6 34.
Rd1 Qxc4 35. Rb1 Kc7 36. Ra1 g4 37. Nd2 Qe6 38. Rf1 Nd6 39. Qe2 Kb7 40. Rf2 Rg7
41. Qf1 Rf7 42. Rxf7+ Qxf7 43. Qe2 Qa2 44. Kf2 Qxd2 45. Qxd2 Nxe4+ 46. Ke3 Nxd2
47. Kxd2 b5 0-1

[Event "Mondiale Lampo FIDE 2022"]
[Site "Alma Ata"]
[Date "29.12.2022"]
[Round "1.29"]
[White "Suleymanli, Aydin"]
[Black "Kadric, Denis"]
[Result "1/2-1/2"]
[WhiteTitle ""]
[BlackTitle ""]
[WhiteElo "2543"]
[BlackElo "2584"]
[WhiteFideId "13413937"]
[BlackFideId "14403803"]
[EventDate "29.12.2022"]

1. d4 Nf6 2. c4 d6 3. Nc3 e5 4. Nf3 Nbd7 5. g3 c6 6. Bg2 e4 7. Nh4 d5 8. cxd5
cxd5 9. Qb3 Nb6 10. O-O Be7 11. f3 exf3 12. Nxf3 O-O 13. Bg5 Be6 14. Kh1 Rc8 15.
a4 a5 16. Ne5 h6 17. Bxf6 Bxf6 18. Rxf6 gxf6 19. Nd3 Nc4 20. Qxb7 Rb8 21. Qc6
Rc8 22. Qb7 Rb8 23. Qa7 Ra8 24. Qb7 Rb8 25. Qa7 Ra8 1/2-1/2

[Event "Mondiale Lampo FIDE 2022"]
[Site "Alma Ata"]
[Date "29.12.2022"]
[Round "1.30"]
[White "Sadhwani, Raunak"]
[Black "Nesterov, Arseniy"]
[Result "1-0"]
[WhiteTitle ""]
[BlackTitle ""]
[WhiteElo "2627"]
[BlackElo "2573"]
[WhiteFideId "35093487"]
[BlackFideId "24198455"]
[EventDate "29.12.2022"]

1. e4 e5 2. Nf3 Nf6 3. d3 Nc6 4. g3 d5 5. exd5 Nxd5 6. Bg2 Be7 7. O-O O-O 8. Nc3
Be6 9. Re1 Nxc3 10. bxc3 Bf6 11. Nd2 Rb8 12. a4 h6 13. Ba3 Re8 14. Rb1 Qd7 15.
Ne4 Be7 16. Bxe7 Qxe7 17. Qc1 Red8 18. Qe3 b6 19. h4 Qd7 20. Nd2 Bd5 21. Nf3 f6
22. Rb5 Bf7 23. Nd2 a6 24. Rbb1 Ne7 25. a5 bxa5 26. Qa7 Rxb1 27. Rxb1 Nd5 28.
Ne4 Qa4 29. Rc1 Qa3 30. Re1 Qb2 31. c4 Qb6 32. Qxb6 Nxb6 33. Ra1 a4 34. Nc5 Be8
35. Nxa6 f5 36. Nxc7 Bd7 37. c5 Nc8 38. c6 1-0

[Event "Mondiale Lampo FIDE 2022"]
[Site "Alma Ata"]
[Date "29.12.2022"]
[Round "1.31"]
[White "Cheng, Bobby"]
[Black "Rapport, Richard"]
[Result "0-1"]
[WhiteTitle ""]
[BlackTitle ""]
[WhiteElo "2583"]
[BlackElo "2740"]
[WhiteFideId "4300033"]
[BlackFideId "738590"]
[EventDate "29.12.2022"]

1. d4 Nf6 2. c4 c5 3. d5 d6 4. Nc3 g6 5. e4 Bg7 6. h3 O-O 7. Be3 e6 8. Bd3 exd5
9. exd5 Re8 10. Nf3 Rxe3+ 11. fxe3 Qe7 12. O-O Nbd7 13. Qd2 Nh5 14. g4 Ng3 15.
Rf2 h5 16. Kg2 h4 17. Ne2 b5 18. Nxg3 hxg3 19. Kxg3 bxc4 20. Bxc4 Rb8 21. Rb1
Nf6 22. Bd3 Nxd5 23. e4 Nb4 24. Re1 Be6 25. b3 d5 26. exd5 Qd6+ 27. Kg2 Nxd5 28.
Bc4 Bc3 29. Rxe6 fxe6 30. Qg5 Nf4+ 31. Kh1 Rf8 32. Nh4 Qe5 33. Qxe5 Bxe5 34. Rf1
Kg7 35. Nf3 Bd4 36. Ng5 Kh6 37. h4 e5 38. Nf7+ Kg7 39. Ng5 Rh8 40. Nf3 e4 41.
Nxd4 Rxh4+ 42. Kg1 Rxg4+ 43. Kf2 cxd4 44. Rd1 Rg2+ 45. Kf1 d3 46. Bd5 Nxd5 0-1

[Event "Mondiale Lampo FIDE 2022"]
[Site "Alma Ata"]
[Date "29.12.2022"]
[Round "1.32"]
[White "Mamedov, Rauf"]
[Black "Svane, Frederik"]
[Result "1/2-1/2"]
[WhiteTitle ""]
[BlackTitle ""]
[WhiteElo "2646"]
[BlackElo "2568"]
[WhiteFideId "13401653"]
[BlackFideId "12923044"]
[EventDate "29.12.2022"]

1. e4 c5 2. Nf3 e6 3. c3 d5 4. exd5 Qxd5 5. d4 Nf6 6. Be3 cxd4 7. cxd4 Bb4+ 8.
Nc3 Bd7 9. Bd3 Bb5 10. O-O Bxc3 11. bxc3 O-O 12. Rb1 Bxd3 13. Qxd3 Nbd7 14. c4
Qc6 15. Rfd1 b6 16. h3 Rac8 17. Rbc1 Rfd8 18. Qa3 Qb7 19. Qb3 h6 20. a4 Qa6 21.
Qb5 Qb7 22. a5 Qc6 23. Qb4 Qe4 24. axb6 axb6 25. Qb5 Rc7 26. Nd2 Qc6 27. Qxc6
Rxc6 28. Ra1 Ne8 29. Rdb1 Nd6 30. d5 exd5 31. cxd5 Rc2 32. Nf3 Nc4 33. Bd4 Nc5
34. Bxc5 bxc5 35. Ra7 Nd2 36. Nxd2 Rxd2 37. Rbb7 R8xd5 38. Rxf7 Rg5 39. h4 Rg4
40. g3 c4 41. Rfc7 Kh7 42. Kg2 Rd3 43. f3 Rg6 44. h5 Rg5 45. f4 Rgxg3+ 46. Kf2
Rdf3+ 47. Ke2 Rxf4 48. Ra5 Rg5 49. Rxg5 hxg5 50. Rc6 Kg8 51. Rg6 Rf5 52. h6 Kh7
53. hxg7 Kg8 54. Rc6 Rf4 55. Rg6 Rf5 56. Ke3 c3 57. Rc6 g4 58. Ke2 Rf3 59. Rc4
Rg3 60. Kf2 Rf3+ 61. Kg2 Rd3 62. Rxg4 Rd7 63. Rc4 Rxg7+ 64. Kf3 Rf7+ 65. Ke4 1/2-1/2

[Event "Mondiale Lampo FIDE 2022"]
[Site "Alma Ata"]
[Date "29.12.2022"]
[Round "1.33"]
[White "Urazayev, Arystanbek"]
[Black "Vallejo Pons, Francisco"]
[Result "1-0"]
[WhiteTitle ""]
[BlackTitle ""]
[WhiteElo "2465"]
[BlackElo "2716"]
[WhiteFideId "13709810"]
[BlackFideId "2205530"]
[EventDate "29.12.2022"]

1. e4 e6 2. d4 d5 3. Nd2 dxe4 4. Nxe4 Nd7 5. g3 b6 6. Bg2 Rb8 7. Ne2 Bb7 8. O-O
Be7 9. N2c3 Ngf6 10. Nxf6+ Nxf6 11. Bxb7 Rxb7 12. Qf3 Nd5 13. Ne4 b5 14. a4 b4
15. c4 bxc3 16. bxc3 c6 17. Ba3 Bxa3 18. Rxa3 O-O 19. Nc5 Rb8 20. a5 Qd6 21.
Raa1 h6 22. Rab1 Qc7 23. Na6 Qd6 24. Nxb8 Rxb8 25. Rxb8+ Qxb8 26. c4 Ne7 27. Qd3
Qb4 28. Rb1 Qd6 29. Rb7 a6 30. Ra7 g6 31. Rxa6 Kg7 32. Rb6 Nf5 33. d5 exd5 34.
cxd5 Qc5 35. Rxc6 Qxa5 36. Qc3+ Qxc3 37. Rxc3 Kf6 38. Rc7 Nd6 39. f4 Nf5 40. Kf2
h5 41. Kf3 Nd4+ 42. Ke4 Nf5 43. Rc6+ Ke7 44. Ke5 Kd7 45. Rf6 Nh6 46. h3 Ke7 47.
Ra6 Nf5 48. d6+ Ke8 49. Ra8+ Kd7 50. Ra7+ Ke8 51. g4 hxg4 52. hxg4 Ne3 53. g5
Nf5 54. Rb7 Ne3 55. Kd4 Nf5+ 56. Kd5 Ng7 57. Kc6 Ne6 58. Rb8+ 1-0

[Event "Mondiale Lampo FIDE 2022"]
[Site "Alma Ata"]
[Date "29.12.2022"]
[Round "1.34"]
[White "Brunello, Sabino"]
[Black "Yoo, Christopher Woojin"]
[Result "1-0"]
[WhiteTitle ""]
[BlackTitle ""]
[WhiteElo "2519"]
[BlackElo "2575"]
[WhiteFideId "813613"]
[BlackFideId "30909694"]
[EventDate "29.12.2022"]

1. d4 Nf6 2. Nf3 e6 3. c4 b6 4. g3 Bb7 5. Bg2 Bb4+ 6. Bd2 a5 7. O-O O-O 8. Bf4
Be7 9. Nc3 Ne4 10. Nb5 Na6 11. Rc1 f5 12. Ne5 d6 13. Nd3 Bf6 14. Be3 Qe7 15. f3
Ng5 16. c5 Bd5 17. cxd6 cxd6 18. Nc3 Nb4 19. Nxb4 axb4 20. Nxd5 exd5 21. Bxg5
Bxg5 22. f4 Bf6 23. Bxd5+ Kh8 24. Bxa8 Qe3+ 25. Kg2 Rxa8 26. Qd3 Qxd3 27. exd3
Bxd4 28. Rc4 Bxb2 29. Rxb4 Bc3 30. Rc4 Bf6 31. Rf2 d5 32. Rb4 Be7 33. Rb5 Bc5
34. Re2 g6 35. d4 Bxd4 36. Rxd5 Bc5 37. Rd7 Kg8 38. Rb7 Rd8 39. h3 h6 40. Re6
Rd2+ 41. Kf1 Kf8 42. Rf6+ Ke8 43. Rxg6 Be7 44. Re6 Rd7 45. Rxd7 Kxd7 46. Rxb6 1-0

[Event "Mondiale Lampo FIDE 2022"]
[Site "Alma Ata"]
[Date "29.12.2022"]
[Round "1.35"]
[White "Tin, Jingyao"]
[Black "Sindarov, Javokhir"]
[Result "1-0"]
[WhiteTitle ""]
[BlackTitle ""]
[WhiteElo "2562"]
[BlackElo "2654"]
[WhiteFideId "5804418"]
[BlackFideId "14205483"]
[EventDate "29.12.2022"]

1. d4 Nf6 2. c4 c5 3. d5 g6 4. Nc3 Bg7 5. Nf3 d6 6. e4 e6 7. h3 O-O 8. Bd3 Nbd7
9. O-O e5 10. a4 a5 11. Nb5 Qe7 12. Bg5 h6 13. Bd2 Nh5 14. g3 Ndf6 15. Kg2 Nh7
16. Qe2 Bd7 17. Rae1 b6 18. Nh2 Ng5 19. Ng4 Nf6 20. Rh1 Nfxe4 21. Bxe4 Nxe4 22.
Nxh6+ Kh7 23. Qxe4 Bxh6 24. Bxh6 Kxh6 25. h4 f5 26. Qe3+ Kh7 27. Qg5 Qf6 28.
Nxd6 Qxd6 29. h5 Qf6 30. hxg6+ Kg8 31. Qh5 Qg7 32. Rxe5 Rae8 33. f4 Rxe5 34.
fxe5 f4 35. Qh7+ Qxh7 36. gxh7+ Kh8 37. b3 Bf5 38. Rh6 Be4+ 39. Kf2 fxg3+ 1-0

[Event "Mondiale Lampo FIDE 2022"]
[Site "Alma Ata"]
[Date "29.12.2022"]
[Round "1.36"]
[White "Asadli, Vugar"]
[Black "Narayanan, Srinath"]
[Result "1-0"]
[WhiteTitle ""]
[BlackTitle ""]
[WhiteElo "2567"]
[BlackElo "2559"]
[WhiteFideId "13405764"]
[BlackFideId "5018420"]
[EventDate "29.12.2022"]

1. e4 c6 2. Nf3 d5 3. e5 c5 4. c4 d4 5. g3 Nc6 6. Bg2 g6 7. O-O Bg7 8. Re1 Nh6
9. d3 O-O 10. h3 f6 11. exf6 exf6 12. Nbd2 Qd7 13. Ne4 b6 14. a3 a5 15. Qb3 Ra6
16. Qb5 Nf7 17. Bd2 a4 18. b4 axb3 19. Qxb3 Nce5 20. Nxe5 Nxe5 21. f4 Nf7 22. a4
Bb7 23. Nxc5 bxc5 24. Qxb7 Qd6 25. Bd5 Rb6 26. Qe7 Qb8 27. a5 Rb2 28. a6 Rxd2
29. a7 Qc8 30. a8=Q Qxh3 31. Qxf7+ 1-0

[Event "Mondiale Lampo FIDE 2022"]
[Site "Alma Ata"]
[Date "29.12.2022"]
[Round "1.37"]
[White "Pranav, V"]
[Black "Bluebaum, Matthias"]
[Result "1-0"]
[WhiteTitle ""]
[BlackTitle ""]
[WhiteElo "2545"]
[BlackElo "2657"]
[WhiteFideId "25060783"]
[BlackFideId "24651516"]
[EventDate "29.12.2022"]

1. e4 e6 2. d3 d5 3. Nd2 Nf6 4. Ngf3 Be7 5. g3 a5 6. Bg2 a4 7. a3 c5 8. O-O Nc6
9. Re1 h6 10. exd5 Nxd5 11. Nc4 O-O 12. Nfe5 Nxe5 13. Nxe5 Qc7 14. h4 Bd6 15.
Nc4 Be7 16. Qe2 Bf6 17. Qh5 b5 18. Ne3 Nxe3 19. Bxe3 Bb7 20. Qxc5 Qd7 21. Bxb7
Qxb7 22. c3 Rfd8 23. Rad1 Rd5 24. Qb4 Qd7 25. Qe4 Rd8 26. d4 e5 27. Rd2 exd4 28.
cxd4 Re8 29. Qf3 Qe6 30. Rc1 Red8 31. Kg2 g5 32. hxg5 hxg5 33. g4 Kg7 34. Rh1
Rh8 35. Rxh8 Kxh8 36. Rd1 Kg8 37. Kf1 Rd8 38. d5 Qe5 39. Kg2 Qxb2 40. d6 Bg7 41.
Bxg5 Rd7 42. Qa8+ Kh7 43. Rh1+ Kg6 44. Qe4+ 1-0

[Event "Mondiale Lampo FIDE 2022"]
[Site "Alma Ata"]
[Date "29.12.2022"]
[Round "1.38"]
[White "Salem, A.R. Saleh"]
[Black "Makarian, Rudik"]
[Result "1-0"]
[WhiteTitle ""]
[BlackTitle ""]
[WhiteElo "2677"]
[BlackElo "2554"]
[WhiteFideId "9301348"]
[BlackFideId "44105681"]
[EventDate "29.12.2022"]

1. d4 d6 2. Nf3 Nf6 3. c4 g6 4. e3 Bg7 5. Be2 O-O 6. O-O Nbd7 7. Nc3 e5 8. Qc2
Re8 9. h3 exd4 10. exd4 Nf8 11. Bd3 Ne6 12. Be3 Nh5 13. Qd2 c5 14. dxc5 dxc5 15.
Nd5 Nd4 16. Nxd4 cxd4 17. Bg5 Qd6 18. g4 f6 19. Bh6 g5 20. Bxg7 Nxg7 21. f4 f5
22. Qf2 Rf8 23. Qxd4 fxg4 24. c5 Qh6 25. Ne7+ Kh8 1-0

[Event "Mondiale Lampo FIDE 2022"]
[Site "Alma Ata"]
[Date "29.12.2022"]
[Round "1.39"]
[White "Damjanovic, Vuk"]
[Black "Niemann, Hans Moke"]
[Result "0-1"]
[WhiteTitle ""]
[BlackTitle ""]
[WhiteElo "2361"]
[BlackElo "2698"]
[WhiteFideId "980021"]
[BlackFideId "2093596"]
[EventDate "29.12.2022"]

1. d4 Nf6 2. Nf3 g6 3. g3 Bg7 4. Bg2 O-O 5. O-O d6 6. Re1 Nc6 7. c3 e5 8. dxe5
dxe5 9. Qxd8 Rxd8 10. Na3 e4 11. Nd2 Bf5 12. Nac4 Re8 13. Ne3 Bd7 14. Nb3 Rad8
15. Nc2 h6 16. Bf4 Nd5 17. Nc5 Bf5 18. Ne3 Nxe3 19. Bxe3 b6 20. Na6 Rd7 21. Rad1
Red8 22. Rxd7 Rxd7 23. Bf4 Ne5 24. b3 g5 25. Bc1 Nc6 26. f3 Bxc3 27. Rf1 Nd4 28.
Kf2 exf3 29. exf3 Re7 30. Be3 Nc2 31. g4 Nxe3 32. Rc1 Nxg2 33. Rxc3 Bc8 34. Nxc7
Nf4 35. Nd5 Nxd5 36. Rxc8+ Kg7 0-1

[Event "Mondiale Lampo FIDE 2022"]
[Site "Alma Ata"]
[Date "29.12.2022"]
[Round "1.40"]
[White "Petrosian, Tigran L."]
[Black "Sankalp, Gupta"]
[Result "1-0"]
[WhiteTitle ""]
[BlackTitle ""]
[WhiteElo "2551"]
[BlackElo "2485"]
[WhiteFideId "13301616"]
[BlackFideId "5097010"]
[EventDate "29.12.2022"]

1. b3 Nf6 2. Bb2 d5 3. e3 Bf5 4. Nf3 e6 5. Be2 h6 6. O-O Be7 7. c4 O-O 8. Nc3
Bh7 9. d4 Nbd7 10. Rc1 c6 11. Bd3 Ne4 12. Qe2 Bd6 13. a3 Ndf6 14. b4 a6 15. Rfd1
Qe7 16. Ne5 Nxc3 17. Bxh7+ Kxh7 18. Bxc3 Ne4 19. Bb2 f5 20. f3 Nf6 21. Nd3 a5
22. c5 Bc7 23. b5 cxb5 24. Bc3 Qd7 25. Rb1 Rfb8 26. Ne5 Bxe5 27. dxe5 Ng8 28.
Qxb5 Qc8 29. e4 Ne7 30. exf5 Nxf5 31. Be1 Ne7 32. Bf2 Nc6 33. Qd3+ Kg8 34. f4 a4
35. Rb6 Na5 36. f5 exf5 37. Qxd5+ Kh7 38. Qf7 Qf8 39. Qg6+ Kh8 40. Rd7 Rd8 41.
Rbd6 Nc4 42. e6 Nxd6 43. cxd6 Rxd7 44. exd7 Rd8 45. Qe6 Qf6 46. Qe8+ Kh7 47. h3
f4 48. Bb6 f3 49. Qe4+ g6 50. Bxd8 Qa1+ 51. Kh2 f2 52. Qe7+ Kg8 53. Qe8+ Kg7 54.
Qe7+ Kg8 55. Qe6+ Kg7 56. Bf6+ 1-0

[Event "Mondiale Lampo FIDE 2022"]
[Site "Alma Ata"]
[Date "29.12.2022"]
[Round "1.41"]
[White "Zhalmakhanov, Ramazan"]
[Black "Andriasian, Zaven"]
[Result "0-1"]
[WhiteTitle ""]
[BlackTitle ""]
[WhiteElo "2401"]
[BlackElo "2580"]
[WhiteFideId "13706357"]
[BlackFideId "13302000"]
[EventDate "29.12.2022"]

1. d4 Nf6 2. Bf4 d6 3. Nc3 g6 4. e4 Bg7 5. Qd2 Nc6 6. Nge2 e5 7. dxe5 Nxe5 8.
O-O-O Qe7 9. Nd4 O-O 10. Bg5 c6 11. h4 h5 12. Qf4 Re8 13. Be2 b5 14. f3 b4 15.
Na4 Bd7 16. b3 a6 17. Nb6 Ra7 18. Nxd7 Rxd7 19. g4 c5 20. gxh5 Nxh5 21. Qd2 Qf8
22. f4 cxd4 23. fxe5 Ng3 24. Bg4 Rc7 25. Rhe1 Bxe5 26. Kb1 Qg7 27. h5 gxh5 28.
Bh3 d3 29. cxd3 Bc3 30. Qe3 Bxe1 31. Rxe1 Rc5 32. Bh6 Qg6 33. Bf4 h4 34. Rg1 Kf8
35. Qd4 Rce5 36. Qxb4 Qf6 37. Qd2 Rb5 38. Bh6+ Ke7 39. Qe3 Reb8 40. Kc2 Rc5+ 41.
Kb1 Qc3 42. Bg5+ Ke8 43. Bxh4 Rxb3+ 44. axb3 Qxb3+ 0-1

[Event "Mondiale Lampo FIDE 2022"]
[Site "Alma Ata"]
[Date "29.12.2022"]
[Round "1.42"]
[White "Cheparinov, Ivan"]
[Black "Maze, Sebastien"]
[Result "1-0"]
[WhiteTitle ""]
[BlackTitle ""]
[WhiteElo "2688"]
[BlackElo "2538"]
[WhiteFideId "2905540"]
[BlackFideId "613762"]
[EventDate "29.12.2022"]

1. d4 Nf6 2. c4 g6 3. Nc3 Bg7 4. e4 d6 5. Nf3 O-O 6. Be2 e5 7. O-O Bg4 8. d5 a5
9. h3 Bxf3 10. Bxf3 Na6 11. Be3 Kh8 12. Qc2 Ng8 13. a3 Bh6 14. Bxh6 Nxh6 15.
Rab1 f5 16. b4 Nf7 17. exf5 gxf5 18. Be2 Qf6 19. f4 e4 20. Qd2 axb4 21. axb4 Rg8
22. Kh2 Rg7 23. g3 Rag8 24. Rg1 Re8 25. Qe3 Nh6 26. Nb5 Nf7 27. Nd4 Nd8 28. Rb3
h6 29. Rg2 Kh7 30. Kg1 Reg8 31. g4 fxg4 32. hxg4 Nf7 33. Ne6 Rg6 34. Qxe4 Kh8
35. Qd4 Qxd4+ 36. Nxd4 Rf6 37. Ne6 Nd8 38. f5 Nf7 39. c5 Ne5 40. Bxa6 bxa6 41.
Nxc7 Nxg4 42. Ne6 Rxf5 43. Rd3 Re5 44. Rgg3 h5 45. cxd6 h4 46. Rxg4 Rxg4+ 47.
Kh2 Rxb4 48. d7 Rb8 49. d8=Q+ Rxd8 50. Nxd8 Kg7 51. Nc6 Re2+ 52. Kh3 Kf6 53. d6 1-0

[Event "Mondiale Lampo FIDE 2022"]
[Site "Alma Ata"]
[Date "29.12.2022"]
[Round "1.43"]
[White "Daneshvar, Bardiya"]
[Black "Esipenko, Andrey"]
[Result "1/2-1/2"]
[WhiteTitle ""]
[BlackTitle ""]
[WhiteElo "2500"]
[BlackElo "2678"]
[WhiteFideId "12576468"]
[BlackFideId "24175439"]
[EventDate "29.12.2022"]

1. Nf3 Nf6 2. g3 c5 3. Bg2 Nc6 4. c4 d5 5. cxd5 Nxd5 6. Nc3 g6 7. h4 Bg7 8. h5
Bf5 9. h6 Bf6 10. O-O O-O 11. Nh2 Nc7 12. d3 Qd7 13. Ne4 Bxe4 14. dxe4 Qxd1 15.
Rxd1 Nd4 16. e3 Ne2+ 17. Kf1 Nxc1 18. Raxc1 Ne6 19. b3 Rfd8 20. f4 Bb2 21. Rb1
Ba3 22. e5 Rab8 23. Rxd8+ Rxd8 24. Bxb7 Rd2 25. Nf3 Rxa2 26. Rd1 c4 27. Bd5 Nf8
28. Bxc4 e6 29. g4 Bc5 30. Rd3 a5 31. Ng5 a4 32. bxa4 Rxa4 33. Bb5 Ra3 34. Rxa3
Bxa3 35. Be8 Be7 36. Bxf7+ Kh8 37. Ne4 g5 38. f5 Nd7 39. f6 Bf8 40. Bxe6 Nxe5
41. Ke2 Bxh6 42. Ng3 Bf8 43. e4 h6 44. Kd2 Kh7 45. Kc3 Kg6 46. Nh5 Bc5 47. Kb3
Bb6 48. Kb4 Bd8 49. Kc5 Bxf6 50. Bf5+ Kf7 51. Kd5 Nd3 52. Kd6 Be5+ 53. Kd5 Bf6
54. Kd6 Be5+ 55. Kd5 Bf6 1/2-1/2

[Event "Mondiale Lampo FIDE 2022"]
[Site "Alma Ata"]
[Date "29.12.2022"]
[Round "1.44"]
[White "Gelfand, Boris"]
[Black "Arjun, Kalyan"]
[Result "1/2-1/2"]
[WhiteTitle ""]
[BlackTitle ""]
[WhiteElo "2667"]
[BlackElo "2505"]
[WhiteFideId "2805677"]
[BlackFideId "35018701"]
[EventDate "29.12.2022"]

1. d4 Nf6 2. c4 e6 3. Nf3 d5 4. g3 Bb4+ 5. Bd2 a5 6. Bg2 O-O 7. Qc1 Be7 8. O-O
c6 9. Bf4 Nbd7 10. Rd1 a4 11. a3 h6 12. Qc2 Nh5 13. Bc1 Nhf6 14. Nc3 dxc4 15. e4
b5 16. d5 exd5 17. exd5 Nxd5 18. Nxd5 cxd5 19. Rxd5 Qb6 20. Be3 Bc5 21. Ne5 Bxe3
22. Nxd7 Bxd7 23. Rxd7 Rad8 24. Rxd8 Rxd8 25. fxe3 Qxe3+ 26. Kh1 Rd2 27. Qf5 Qe2
28. Rg1 Rxb2 29. Qc8+ Kh7 30. Qf5+ Kg8 31. Qc8+ Kh7 1/2-1/2

[Event "Mondiale Lampo FIDE 2022"]
[Site "Alma Ata"]
[Date "29.12.2022"]
[Round "1.45"]
[White "Harutyunyan, Tigran K."]
[Black "Tari, Aryan"]
[Result "0-1"]
[WhiteTitle ""]
[BlackTitle ""]
[WhiteElo "2511"]
[BlackElo "2659"]
[WhiteFideId "13303635"]
[BlackFideId "1510045"]
[EventDate "29.12.2022"]

1. c4 e5 2. g3 c6 3. d4 e4 4. d5 Bb4+ 5. Bd2 Qe7 6. e3 Nf6 7. Ne2 cxd5 8. cxd5
O-O 9. Bg2 Bxd2+ 10. Qxd2 d6 11. O-O Na6 12. Nbc3 Bf5 13. Qd4 Nc5 14. h3 h5 15.
Nf4 Rac8 16. b4 Ncd7 17. Rac1 a6 18. Nxh5 Nxh5 19. g4 Ne5 20. gxf5 Rc4 21. Qd1
Qg5 22. Nxe4 Rxe4 23. f4 Nxf4 24. exf4 Rxf4 25. Kh1 Qxf5 26. Qd2 Rxf1+ 27. Rxf1
Qh5 28. Qc2 Qh4 29. a3 Qg3 30. Qc7 Nd3 31. Qb6 Re8 32. Qxb7 Nf2+ 33. Kg1 Nxh3+
34. Kh1 Nf4 35. Bf3 g6 36. Qb6 Re2 0-1

[Event "Mondiale Lampo FIDE 2022"]
[Site "Alma Ata"]
[Date "29.12.2022"]
[Round "1.46"]
[White "Harikrishna, Pentala"]
[Black "Petkov, Momchil"]
[Result "1-0"]
[WhiteTitle ""]
[BlackTitle ""]
[WhiteElo "2705"]
[BlackElo "2531"]
[WhiteFideId "5007003"]
[BlackFideId "2921642"]
[EventDate "29.12.2022"]

1. Nf3 d5 2. g3 Nf6 3. Bg2 e6 4. O-O Be7 5. c4 O-O 6. b3 d4 7. e3 c5 8. Ne5 Qc7
9. f4 Nfd7 10. Nd3 Nc6 11. Na3 a6 12. Nc2 b5 13. exd4 cxd4 14. Nf2 Bb7 15. d3
bxc4 16. bxc4 Nc5 17. Ne4 Nxe4 18. Bxe4 a5 19. f5 Ne5 20. Qe2 Bxe4 21. Qxe4 exf5
22. Rxf5 Nc6 23. Bf4 Bd6 24. Bxd6 Qxd6 25. Rd5 Qh6 26. Rf1 Rae8 27. Qf4 Qg6 28.
Nxd4 Nb4 29. Rg5 Nxd3 30. Qg4 Qh6 31. Nf5 Qb6+ 32. c5 Qxc5+ 33. Kg2 Qc6+ 34. Kh3
g6 35. Qd4 Ne5 36. Nh6+ Kg7 37. Rxe5 Kxh6 38. Rh5+ gxh5 1-0

[Event "Mondiale Lampo FIDE 2022"]
[Site "Alma Ata"]
[Date "29.12.2022"]
[Round "1.47"]
[White "Batsuren, Dambasuren"]
[Black "Indjic, Aleksandar"]
[Result "0-1"]
[WhiteTitle ""]
[BlackTitle ""]
[WhiteElo "2525"]
[BlackElo "2636"]
[WhiteFideId "4902920"]
[BlackFideId "911925"]
[EventDate "29.12.2022"]

1. d4 Nf6 2. c4 e6 3. g3 c5 4. d5 exd5 5. cxd5 d6 6. Nc3 g6 7. Bg2 Bg7 8. Nf3
O-O 9. O-O Re8 10. Re1 a6 11. a4 Nbd7 12. e4 Ng4 13. Nh4 Ngf6 14. Nf3 Qc7 15.
Bf4 Ng4 16. Rc1 Nge5 17. Nxe5 Nxe5 18. b4 b6 19. a5 c4 20. axb6 Qxb6 21. Na4
Qxb4 22. Rb1 Qa5 23. Nb6 Bg4 24. Qc2 Nd3 25. Re3 Nxf4 26. gxf4 Rab8 27. Nxc4
Rxb1+ 28. Qxb1 Qc5 29. Nd2 Bh6 30. e5 Bf5 31. Ne4 Bxf4 32. Nxc5 Bxb1 33. Re1 Bf5
34. Nxa6 Bxe5 35. Kf1 Bd3+ 0-1